| 000 | 00796nam a2200241Ia 4500 | ||
|---|---|---|---|
| 003 | GCL | ||
| 008 | 140319s9999 xx 000 0 ara d | ||
| 020 | _a0797223977 | ||
| 040 |
_aGCL / _cGCL |
||
| 082 | 0 | 4 |
_a305.568 _bس ج |
| 100 | 1 | _aسيد عشماوى | |
| 245 | 1 | 0 |
_aالجماعات الهامشية المنحرفة فى تاريخ مصر الاجتماعى الحديث / _cسيد عشماوى |
| 260 |
_aالقاهرة : _bمركز البحوث والدراسات الاجتماعية ، _c2003 |
||
| 300 |
_a264 ص ؛ _c28 سم |
||
| 650 | 0 | 4 | _aالعنف |
| 650 | 0 | 4 | _aالفقر |
| 650 | 0 | 4 | _aاللصوص |
| 650 | 0 | 4 | _aالجماعات |
| 650 | 0 | 4 | _aالنشالون |
| 650 | 0 | 4 | _aالاطفال الفقراء |
| 650 | 0 | 4 | _aاطفال الشوارع |
| 942 |
_2ddc _cBK |
||
| 999 |
_c56978 _d56978 |
||